[Event "Challengers' Cup"]
[Site "Seattle, WA"]
[Date "2015.11.08"]
[Round "4"]
[White "Zhang Eric  (WA)"]
[Black "Collyer Curt  (WA)"]
[Result "0-1"]
[WhiteElo "1795"]
[BlackElo "2314"]
[Annotator ""]
[Source ""]
[Remark "Open"]

1.d4 e6 2.c4 f5 3.Nc3 Nf6 4.Nf3 Bb4 5.Qc2 b6 6.Bg5 h6 7.Bxf6
Qxf6 8.e3 Bb7 9.Be2 Nc6 10.a3 Bf8 11.Nd2 g6 12.Bf3 Bg7 13.b4
O-O 14.b5 Na5 15.Bxb7 Nxb7 16.O-O c5 17.Ne2 cxd4 18.Nxd4 Rfc8
19.Rac1 Rc7 20.N4b3 Rac8 21.Qd3 Qe7 22.a4 Qa3 23.Rc2 Qxa4 24.Rfc1
Qa3 25.Nb1 Qb4 26.N1d2 Qd6 27.Qxd6 Nxd6 28.Na1 Bxa1 29.Rxa1 Nxb5
30.Rca2 Nd6 31.Rxa7 Kf7 32.Rxc7 Rxc7 33.Ra4 Ne4 34.Nxe4 fxe4
35.Rb4 Rc6 36.Kf1 d5 37.cxd5 exd5 38.Ke2 Ke6 39.Kd2 Kd6 40.Rb5
Ke6 41.Kd1 Rd6 42.Kc2 Kd7 43.Kc3 Kc6 44.Rb2 Kc5 45.Rd2 g5 46.h3
Rd8 47.Kb3 Ra8 48.Rc2+ Kd6 49.Rc1 h5 50.g3 Rf8 51.Rc2 h4 52.Re2
Rf3 53.Kc3 Kc5 54.Kd2 hxg3 55.fxg3 Rxg3 56.Rh2 Rg1 57.Rf2 Kc4
58.Rh2 Ra1 0-1

[Event "Challengers' Cup"]
[Site "Seattle, WA"]
[Date "2015.11.08"]
[Round "4"]
[White "Sang Tian  (WA)  "]
[Black "Skorchenko Dmitry  (WA)"]
[Result "0-1"]
[WhiteElo "2348"]
[BlackElo "2563"]
[Annotator ""]
[Source ""]
[Remark "Open"]

1.f4 d5 2.Nf3 g6 3.e3 Bg7 4.d4 c5 5.c3 Nh6 6.Bd3 O-O 7.O-O Bf5
8.b3 Qc7 9.Bb2 Nd7 10.Nh4 Bxd3 11.Qxd3 Rac8 12.Nd2 e6 13.Rac1
Qa5 14.a3 b5 15.b4 c4 16.Qe2 Qd8 17.Nhf3 f5 18.Ne5 Nf7 19.g4
Nd6 20.Nxd7 Qxd7 21.g5 h6 22.h4 hxg5 23.hxg5 a5 24.Kg2 Kf7 25.Rh1
Rh8 26.Rxh8 Rxh8 27.Rh1 Rxh1 28.Kxh1 axb4 29.axb4 Qa7 30.Qd1
Qa8 31.Kg2 Kg8 32.Qa1 Qb7 33.Qa5 Bf8 34.Qa1 e5 35.Qe1 exf4 36.exf4
Ne4 37.Nxe4 fxe4 38.Bc1 Qa7 39.Qe2 Qa1 40.Qg4 Qxc3 41.Qe6+ Kh7
42.Qxd5 Bg7 43.Qe6 Qf3+ 44.Kh2 Bxd4 45.f5 Qf2+ 0-1

[Event "Challengers' Cup"]
[Site "Seattle, WA"]
[Date "2015.11.08"]
[Round "4"]
[White "Thomas Damarcus  (WA)"]
[Black "Seshadri Sridhar  (WA)"]
[Result "1/2-1/2"]
[WhiteElo "2014"]
[BlackElo "1634"]
[Annotator ""]
[Source ""]
[Remark "Open"]

1.e4 d5 2.exd5 Qxd5 3.Nc3 Qd8 4.Bc4 e6 5.Nf3 Nf6 6.O-O h6 7.d4
Bd6 8.b3 O-O 9.Bb2 Nbd7 10.Ne2 c6 11.Bd3 b6 12.c4 c5 13.Bc2 Bb7
14.Ng3 Qc7 15.Re1 Rae8 16.Qd3 Bxg3 17.fxg3 cxd4 18.Bxd4 Bxf3
19.Qxf3 e5 20.Bb2 Qc5+ 21.Kh1 Rd8 22.a4 Rfe8 23.h3 Qc7 24.Re2
Nc5 25.b4 e4 26.Qf1 Ncd7 27.Qf2 Ne5 28.Bxe5 Qxe5 29.Rae1 Qc3
30.c5 Qxb4 31.cxb6 axb6 32.Rb1 Qc3 33.Rxb6 e3 34.Qf5 Rd2
{This game may not be right.  I have had to make many guesses as to what the
recorder meant to record, due to illegibilities and erroneous recordings.  If
it reached this point, an apparant win for Black, then it is a crying shame
that Black accepted the draw offer.  Just because the opponent is almost 400
points higher rated, does not mean every draw offer should be accepted.  As I
write, Houdini4 gives the position a rating of} $19 {(-8.35).  That passed pawn will cost a piece.}
 1/2-1/2

[Event "Challengers' Cup"]
[Site "Seattle, WA"]
[Date "2015.11.08"]
[Round "4"]
[White "Somisetty Praneeth  (WA)"]
[Black "Lindsey Christian  (WA)"]
[Result "0-1"]
[WhiteElo "1055"]
[BlackElo "828"]
[Annotator ""]
[Source ""]
[Remark "Reserve"]

1.e4 e6 2.d4 d5 3.e5 c5 4.c4 b6 5.Nf3 Ba6 6.Na3 Nc6 7.Be3 dxc4
8.Nxc4 b5 9.Na3 Qa5+ 10.Bd2 b4 11.Nc4 Bxc4 12.Bxc4 Rd8 13.a3
cxd4 14.axb4 Qc7 15.b5 Nxe5 16.Ba5 Nxf3+ 17.Qxf3 Qxc4 18.Bxd8
Kxd8 19.Qe2 Bb4+ 20.Kf1 Qc5 21.g3 Nf6 22.Kg2 Qd5+ 23.f3 Bc5 24.Rhc1
Ke7 25.Qc4 Bb6 26.Qb4+ Qd6 27.Rxa7+ Bxa7 28.Rc7+ Nd7 29.Qxd6+
Kxd6 30.Rxa7 Rb8 31.Ra4 Kc5 32.Kf2 Rxb5 33.Ra2 Ne5 34.Ke2 d3+
35.Ke3 Kc4 36.Ra3 Rxb2 37.f4 Re2# 0-1

[Event "Challengers' Cup"]
[Site "Seattle, WA"]
[Date "2015.11.08"]
[Round "4"]
[White "Sunku Charith  (WA)"]
[Black "Rajesh Anirudh  (WA)"]
[Result "1-0"]
[WhiteElo "1025"]
[BlackElo "935"]
[Annotator ""]
[Source ""]
[Remark "Reserve"]

1.e4 e5 2.Nf3 Nc6 3.Bc4 Bc5 4.c3 Nf6 5.d4 exd4 6.cxd4 Bb4+ 7.Bd2
Bxd2+ 8.Nbxd2 O-O 9.O-O d5 10.exd5 Nxd5 11.Re1 Be6 12.Nb3 b6
13.Qd2 h6 14.Rac1 Nce7 15.Ne5 f6 16.Nc6 Qd6 17.Nxe7+ Qxe7 18.Bxd5
Kh8 19.Rxe6 Qd7 20.Bxa8 Qxe6 21.Bf3 Re8 22.Qe3 Qf7 23.Bd5 Qd7
24.Qf3 Qe7 25.g3 Qb4 26.Rxc7 a5 27.Be4 Qd6 28.Rb7 Rf8 29.Bd5
f5 30.Rf7 g6 31.Qf4 Qxf4 32.Rxf8+ Kg7 33.Rg8+ Kf6 34.gxf4 g5
35.Kg2 gxf4 36.Kf3 a4 37.Kxf4 axb3 38.Rf8+ Ke7 39.Rxf5 bxa2 40.Bxa2
b5 41.Ke5 b4 42.Rf6 b3 43.Bxb3 h5 44.h4 Kd7 45.Re6 Kc7 46.Kd5
Kb7 47.Rc6 Ka7 48.Kc5 Kb7 49.Be6 Ka7 50.Bc8 Kb8 51.Kb6 Ka8 52.Bh3
Kb8 53.Bf5 Ka8 54.Rc8# 1-0

[Event "Challengers' Cup"]
[Site "Seattle, WA"]
[Date "2015.11.08"]
[Round "4"]
[White "Puri Ishaan  (WA)"]
[Black "Bonrud Neal  (WA)"]
[Result "1/2-1/2"]
[WhiteElo "1721"]
[BlackElo "1746"]
[Annotator ""]
[Source ""]
[Remark "Reserve"]

1.e4 c5 2.Nf3 Nc6 3.d4 cxd4 4.Nxd4 e5 5.Nb5 d6 6.N1c3 a6 7.Na3
b5 8.Nd5 Nge7 9.Bg5 f6 10.Nxf6+ gxf6 11.Bxf6 Rg8 12.Qh5+ Kd7
13.Qxh7 Rg4 14.h3 Rg6 15.Qxg6 Nxg6 16.Bxd8 Kxd8 17.O-O-O Bh6+
18.Kb1 Ke7 19.c3 Bb7 20.f3 Nh4 21.Rd3 Rg8 22.Rg1 Nd8 23.Ka1 Rg3
24.f4 Bxf4 25.Rxg3 Bxg3 26.Bd3 Ne6 27.Kb1 Nc5 28.Bc2 Nxe4 29.Bxe4
Bxe4+ 30.Kc1 Bf4+ 31.Kd1 Bxg2 32.Nc2 Bxh3 33.Nb4 Be6 34.b3 Nf5
35.Nxa6 Ne3+ 36.Ke2 Nd5 37.Nb4 Nxc3+ 38.Kd3 Nd5 39.Nc6+ Kf6 40.a3
Bf5+ 41.Ke2 Nc3+ 42.Kf2 Ne4+ 43.Ke2 Nc3+ 44.Kf2 Nb1 45.a4 bxa4
46.bxa4 Nc3 47.a5 Be4 48.Nb4 Nd5 49.Nxd5+ Bxd5 50.a6 Bg5 51.Rb1
Bh4+ 52.Ke3 Bc4 53.a7 Bd5 54.Rb8 Bg5+ 55.Kf2 e4 56.a8Q e3+ 57.Ke1
Bxa8 58.Rxa8 Ke5 59.Ke2 Bf4 60.Ra3 d5 61.Rd3 Ke4 62.Rd1 d4 63.Rd3
Bd6 64.Rb3 Bc5 65.Rd3 Bb4 66.Rd1 Bd2 67.Rxd2 exd2 68.Kxd2 d3
69.Kd1 Ke3 70.Ke1 d2+ 71.Kd1 Kd3 1/2-1/2

[Event "Challengers' Cup"]
[Site "Seattle, WA"]
[Date "2015.11.08"]
[Round "4"]
[White "Huang Jared  (WA)"]
[Black "Wu Ethan  (WA)"]
[Result "0-1"]
[WhiteElo "1173"]
[BlackElo "1466"]
[Annotator ""]
[Source ""]
[Remark "Reserve"]

1.d4 e6 2.c4 f5 3.Nf3 Nf6 4.g3 d5 5.cxd5 exd5 6.Bg2 c6 7.O-O
Bd6 8.Bg5 O-O 9.Ne5 Nbd7 10.Nxd7 Bxd7 11.Nd2 Qc7 12.Nf3 Ne4 13.Be3
Rae8 14.Nd2 f4 15.Nxe4 dxe4 16.Bxf4 Bxf4 17.gxf4 Rxf4 18.Qb3+
Be6 19.Qg3 Qf7 20.h3 Qf6 21.e3 Rf5 22.Kh2 Rf8 23.Bxe4 Rxf2+ 24.Rxf2
Qxf2+ 25.Qxf2 Rxf2+ 26.Kg3 Rxb2 27.Rb1 Rxb1 28.Bxb1 Kf7 29.a3
Kf6 30.Bxh7 g6 31.h4 Kg7 32.Bxg6 Kxg6 33.Kf4 Kf6 34.e4 Bf7 35.Ke3
b6 36.Kd2 c5 37.Kc3 Kg6 38.a4 a5 39.d5 Kh5 40.d6 Be6 41.e5 Kxh4
42.Kd3 Kg5 43.Ke4 Kg4 44.d7 Bxd7 45.Kd5 Bxa4 46.e6 Bb3+ 47.Kd6
Bxe6 48.Kxe6 a4 49.Kd6 a3 50.Kc6 a2
{At this point the notation falls apart (or maybe a couple moves earlier).
Black promotes the a-pawn, and later the c-pawn, with mate somewhere around move 61 or so.}
 0-1

[Event "Challengers' Cup"]
[Site "Seattle, WA"]
[Date "2015.11.08"]
[Round "3"]
[White "Zhang Eric  (WA)"]
[Black "Smolak Frederick  (WA)"]
[Result "1-0"]
[WhiteElo "1824"]
[BlackElo "1389"]
[Annotator ""]
[Source ""]
[Remark "Open"]

1.d4 Nf6 2.c4 c5 3.d5 b5 4.cxb5 a6 5.bxa6 Bxa6 6.Nc3 g6 7.e4
Bxf1 8.Kxf1 d6 9.g3 Bg7 10.Kg2 O-O 11.Nf3 Nfd7 12.Qe2 Nb6 13.Rd1
Na4 14.Nxa4 Rxa4 15.a3 Qb6 16.Qc2 Qb5 17.Rb1 c4 18.Nd4 Bxd4 19.Rxd4
Nd7 20.Bd2 Rb8 21.Bb4 Ne5 22.f4 Nd3 23.Qxc4 Nxb4 24.Qxb5 Rxb5
25.Rxb4 Raa5 26.Rxb5 Rxb5 27.b4 e6 28.a4 Rb7 29.a5 Kf8 30.b5
Ke8 31.b6 Kd8 32.a6 Rb8 33.a7 1-0

[Event "Challengers' Cup"]
[Site "Seattle, WA"]
[Date "2015.11.08"]
[Round "3"]
[White "Seshadri Sridhar  (WA)"]
[Black "Parker David  (RI)"]
[Result "0-1"]
[WhiteElo "1634"]
[BlackElo "2040"]
[Annotator ""]
[Source ""]
[Remark "Open"]

1.d4 d5 2.Nf3 Nf6 3.Bf4 e6 4.e3 c5 5.c3 Nc6 6.Bb5 Qb6 7.Bxc6+
bxc6 8.Qc2 Ba6 9.Nbd2 Be7 10.c4 dxc4 11.Nxc4 Qb4+ 12.Nfd2 O-O
13.O-O Nd5 14.Bg3 cxd4 15.exd4 Rac8 16.b3 c5 17.dxc5 Qxc5 18.Ne4
Qc6 19.Qd2 Rfd8 20.Ne5 Qb7 21.Rfc1 Nc3 22.Qe1 Ne2+ 23.Kh1 Nxc1
24.Rxc1 Qxe4 25.h3 Qxe1+ 26.Rxe1 f6 27.Nc4 Kf7 28.Kh2 h5 29.Ne3
Bd6 30.f4 h4 31.Bxh4 Bxf4+ 32.Bg3 Bxg3+ 33.Kxg3 Rd3 34.Re2 Rcc3
35.Kf3 Rxe3+ 36.Rxe3 Rxe3+ 37.Kxe3 e5 38.g3 g5 39.h4 Ke6 40.h5
Bb5 41.b4 Be8 {There was at least one error in the last five move pairs.  My guesses may be incorrect.}
 0-1

[Event "Challengers' Cup"]
[Site "Seattle, WA"]
[Date "2015.11.08"]
[Round "3"]
[White "Haining Kyle  (WA)"]
[Black "Pupols Viktors  (WA)"]
[Result "0-1"]
[WhiteElo "2197"]
[BlackElo "2205"]
[Annotator ""]
[Source ""]
[Remark "Open"]

1.e4 e5 2.Nf3 Nc6 3.Bb5 a6 4.Bxc6 dxc6 5.O-O f6 6.d4 Bg4 7.dxe5
Qxd1 8.Rxd1 fxe5 9.Rd3 Bd6 10.Nbd2 b5 11.b3 Ne7 12.Bb2 Ng6 13.g3
O-O 14.Kg2 h6 15.h3 Be6 16.h4 Bg4 17.Nh2 Bd7 18.h5 Nh8 19.Rf1
Be8 20.g4 g5 21.Ndf3 Nf7 22.Re1 c5 23.Nf1 Bc6 24.Ng3 Rfe8 25.Nf5
a5 26.Nd2 a4 27.c4 axb3 28.cxb5 Bxb5 29.Rxb3 Reb8 30.a3 Bd7 31.Ree3
Be6 32.Rxb8+ Rxb8 33.Bc1 Bf8 34.Nf3 c4 35.Rc3 Rb3 36.Rxb3 cxb3
37.Bb2 Nd6 38.Nxe5 Nxe4 39.Nd4 Bd5 40.Kf1 Nc5 41.Nb5 Bd6 0-1

[Event "Challengers' Cup"]
[Site "Seattle, WA"]
[Date "2015.11.08"]
[Round "3"]
[White "Collyer Curt  (WA)"]
[Black "Sang Tian  (WA)"]
[Result "0-1"]
[WhiteElo "2314"]
[BlackElo "2348"]
[Annotator ""]
[Source ""]
[Remark "Open"]

1.d4 f5 2.Nc3 Nf6 3.Bg5 d5 4.Bxf6 exf6 5.e3 Be6 6.Qf3 Qd7 7.Bb5
Nc6 8.Nge2 a6 9.Ba4 b5 10.Bb3 Bb4 11.a4 O-O 12.O-O Ne7 13.Nf4
c6 14.Nxe6 Qxe6 15.e4 fxe4 16.Nxe4 Kh8 17.Nc5 Bxc5 18.dxc5 Ng6
19.Rfe1 Qd7 20.c3 Rae8 21.Bc2 Rxe1+ 22.Rxe1 Re8 23.Re3 Re5 24.axb5
axb5 25.Rxe5 fxe5 26.h3 Kg8 27.Bf5 Qe7 28.Bxg6 hxg6 29.Qg4 Kf7
30.b4 Qe6 31.Qh4 Qf6 32.Qg4 Qf5 33.Qg3 Qf4 34.Qd3 Kf6 35.Qd1
d4 36.cxd4 exd4 37.g3 Qe4 38.Qa1 Ke6 39.Qa8 d3 40.Qg8+ Ke5 41.Qd8
Qe1+ 42.Kg2 d2 43.Qd6+ Ke4 44.f3+ Ke3 45.Qe6+ Kd4 0-1

[Event "Challengers' Cup"]
[Site "Seattle, WA"]
[Date "2015.11.07"]
[Round "2"]
[White "Parker David  (RI)"]
[Black "Collyer Curt  (WA)"]
[Result "0-1"]
[WhiteElo "2040"]
[BlackElo "2314"]
[Annotator ""]
[Source ""]
[Remark "Open"]

1.d4 e6 2.c4 f5 3.Nc3 Nf6 4.Nf3 Be7 5.Bg5 d5 6.e3 c6 7.Bd3 O-O
8.Ne5 Ne4 9.Bxe7 Qxe7 10.O-O Nd7 11.Nxd7 Bxd7 12.f4 Nxc3 13.bxc3
c5 14.a4 Rac8 15.Qb3 Bc6 16.Rae1 Qd7 17.a5 dxc4 18.Bxc4 Bd5 19.e4
Bxc4 20.Qxc4 cxd4 21.Qxd4 Qxd4+ 22.cxd4 Rc4 23.d5 exd5 24.exd5
h6 25.Re7 Rf7 26.Re8+ Kh7 27.Rd1 Rd7 28.d6 Rxf4 29.Re7 Rxe7 30.dxe7
Re4 31.Rd7 a6 32.Rxb7 Kg6 33.Rb6+ Kg5 34.h4+ Kh5 35.g3 Rxe7 36.Rxa6
Re2 37.Rb6 Ra2 38.a6 g6 39.Rf6 g5 40.Rxf5 Kg4 41.Rf2 Rxa6 42.hxg5
hxg5 43.Kg2 Ra3 44.Kh2 Re3 45.Rg2 Kf3 46.g4 Kf4 47.Kh1 Rh3+ 48.Rh2
Kxg4 49.Rxh3 Kxh3 0-1

[Event "Challengers' Cup"]
[Site "Seattle, WA"]
[Date "2015.11.07"]
[Round "3"]
[White "Rajesh Anirudh  (WA)"]
[Black "Tu Robin  (WA)"]
[Result "0-1"]
[WhiteElo "935"]
[BlackElo "1717"]
[Annotator ""]
[Source ""]
[Remark "Reserve"]

1.d4 Nf6 2.c4 g6 3.Nc3 Bg7 4.e4 d6 5.Nf3 O-O 6.Be3 Nbd7 7.Be2
c5 8.O-O Ng4 9.Bf4 cxd4 10.Nxd4 Ngf6 11.Re1 e5 12.Bg5 exd4 13.Qxd4
Qb6 14.Qxb6 axb6 15.Rad1 Re8 16.f3 h6 17.Bxf6 Nxf6 18.Rxd6 Nd7
19.Nd5 Rxa2 20.Nxb6 Nxb6 21.Rxb6 Bd4+ 22.Kh1 Bxb6 23.Rb1 Be6
24.h3 Bd4 25.Bd1 Rxb2 26.Rxb2 Bxb2 27.Ba4 Ra8 28.Bb5 Be5 29.Kg1
Ra1+ 30.Kf2 Rc1 31.Ke3 Bxc4 32.Bxc4 Rxc4 33.f4 Bxf4+ 34.Kxf4
f5 35.Kg3 Rxe4 36.h4 Rg4+ 37.Kf3 g5 38.hxg5 hxg5 39.g3 Ra4 40.Kg2
Ra3 41.Kh3 f4 42.Kg2 Rxg3+ 43.Kf2 Kf7 44.Ke2 Ke6 45.Kf2 Ke5 46.Ke2
Ke4 47.Kf2 g4 48.Kf1 Kf3 49.Ke1 Rg2 50.Kd1 Ke3 51.Kc1 Kd3 52.Kb1
Kc3 53.Ka1 Kb3 54.Kb1 Rg1# 0-1

[Event "Challengers' Cup"]
[Site "Seattle, WA"]
[Date "2015.11.07"]
[Round "3"]
[White "Elisara Travis  (WA)"]
[Black "Boyd Thomas  (CA)"]
[Result "1-0"]
[WhiteElo "1557"]
[BlackElo "1614"]
[Annotator ""]
[Source ""]
[Remark "Reserve"]

1.Nc3 Nf6 2.d4 d5 3.Bg5 Bf5 4.f3 h6 5.Bh4 Nc6 6.e3 Qd6 7.Nb5
Qb4+ 8.c3 Qa5 9.Bg3 Rc8 10.b4 Qb6 11.a4 a5 12.Qb3 e6 13.bxa5
Qxa5 14.Rc1 Na7 15.Nh3 Nxb5 16.axb5 Nh5 17.Bf2 Bxh3 18.gxh3 Qa3
19.Qb1 f5 20.Bd3 Nf6 21.Rg1 g5 22.Kf1 Bd6 23.Be1 b6 24.Rc2 Qa8
25.Ra2 Qb7 26.Qa1 Rb8 27.Ra7 Qc8 28.Qa6 Bxh2 29.Rg2 Bd6 30.h4
Rg8 31.c4 Kf7 32.c5 bxc5 33.Qxd6 Ne8 34.Qe5 c4 35.Bc2 Rxb5 36.Ba4
Qb8 37.Ra6 Rb6 38.Bxe8+ Kxe8 39.Rxb6 Qxb6 40.Ra2 Kf7 41.h5 Rc8
42.Ra5 c5 43.Rxc5 Rxc5 44.dxc5 Qxc5 45.Bc3 Qb6 46.Kf2 f4 47.Bd4
fxe3+ 48.Bxe3 Qb1 49.Qc7+ Ke8 50.Bc5 Qb2+ 51.Kg3 Qf6 52.Qc8+ 1-0

[Event "Challengers' Cup"]
[Site "Seattle, WA"]
[Date "2015.11.07"]
[Round "2"]
[White "Sang Tian  (WA)"]
[Black "Smolak Frederick  (WA)"]
[Result "1-0"]
[WhiteElo "2348"]
[BlackElo "1389"]
[Annotator ""]
[Source ""]
[Remark "Open"]

1.e4 c5 2.Nf3 d6 3.c3 e6 4.d4 d5 5.e5 Nc6 6.Bd3 Qb6 7.O-O cxd4
8.cxd4 Bd7 9.Nc3 Nxd4 10.Ng5 Nh6 11.Be3 Bc5 12.Rc1 Ndf5 13.Na4
Nxe3 14.Nxb6 Nxd1 15.Nxa8 Nxb2 16.Be2 Be7 17.Nf3 Bc6 18.Nc7+
Kd7 19.Nb5 a6 20.Nbd4 a5 21.Rb1 Na4 22.Nxc6 Kxc6 23.Bb5+ Kb6
24.Bxa4+ Ka7 25.Rfc1 Kb8 26.Bc6 Bb4 27.a3 bxc6 28.axb4 Kc7 29.b5
Rb8 30.Nd4 a4 31.Rxc6+ Kd7 32.Ra6 Nf5 33.Ra7+ Ke8 34.Nc6 Rb6
35.g4 Nh4 36.Re7+ Kf8 37.Rd7 g6 38.Rd8+ Kg7 39.Rb8 Rxb8 40.Nxb8
Nf3+ 41.Kg2 Nxe5 42.b6 a3 43.b7 a2 44.Ra1 Nc4 45.Nc6 1-0

[Event "Challengers' Cup"]
[Site "Seattle, WA"]
[Date "2015.11.07"]
[Round "1"]
[White "Smolak Frederick  (WA)"]
[Black "Anand Vignesh  (WA)"]
[Result "1-0"]
[WhiteElo "1389"]
[BlackElo "1513"]
[Annotator ""]
[Source ""]
[Remark "Open"]

1.d4 Nf6 2.c4 g6 3.Nc3 Bg7 4.e4 d6 5.Nf3 O-O 6.Be2 e5 7.O-O Nbd7
8.dxe5 dxe5 9.Bg5 h6 10.Bh4 Qe8 11.Nd5 Nxd5 12.cxd5 f5 13.exf5
gxf5 14.Rc1 c6 15.dxc6 bxc6 16.Rxc6 e4 17.Nd4 Ne5 18.Rc7 Ng6
19.Bh5 Qe5 20.Rxc8 Raxc8 21.Bxg6 Qxd4 22.Be7 Qxb2 23.Bxf8 Rxf8
24.Qd5+ Kh8 25.Bxf5 e3 26.fxe3 Qe2 27.e4 Qe3+ 28.Kh1 Qe2 29.Rd1
Qh5 30.h3 Bf6 31.Bg4 Qg6 32.Qh5 Qxe4 33.Qxh6+ Kg8 34.Bf3 Qc2
35.Bd5+ Rf7 36.Bxf7+ Kxf7 37.Rf1 1-0

[Event "Challengers' Cup"]
[Site "Seattle, WA"]
[Date "2015.11.07"]
[Round "1"]
[White "Schmidt Karen  (WA)"]
[Black "Beck Alec  (WA)"]
[Result "0-1"]
[WhiteElo "782"]
[BlackElo "1503"]
[Annotator ""]
[Source ""]
[Remark "Reserve"]

1.d4 d5 2.c4 c6 3.Nf3 Nf6 4.Nc3 e6 5.Bg5 Bb4 6.Qc2 h6 7.Bh4 g5
8.Bg3 Ne4 9.Bxb8 Rxb8 10.e3 Qa5 11.Bd3 Nxc3 12.bxc3 Bxc3+ 13.Nd2
Bxa1 14.O-O Qc3 15.Qxc3 Bxc3 16.Nf3 Bb4 17.Ne5 Bd6 18.cxd5 Bxe5
19.dxe5 cxd5 20.Rc1 Bd7 21.g4 Ke7 22.Rb1 Rhc8 23.Bb5 Bxb5 24.Rxb5
Rc2 25.a4 Ra2 26.a5 a6 27.Rc5 Kd7 28.f4 Rc8 29.Rxc8 Kxc8 30.fxg5
hxg5 31.h3 Rxa5 32.Kg2 b5 33.Kf2 b4 34.Ke2 b3 35.Kd2 Rc5 36.Kd3
b2 37.Kd4 Rc4+ 0-1

[Event "Challengers' Cup"]
[Site "Seattle, WA"]
[Date "2015.11.07"]
[Round "2"]
[White "Sherrard Jerry  (OR)"]
[Black "Tiglon Bryce  (WA)"]
[Result "0-1"]
[WhiteElo "2066"]
[BlackElo "2337"]
[Annotator ""]
[Source ""]
[Remark "Open"]

1.e4 e5 2.Nf3 Nc6 3.Bc4 Nf6 4.d3 Bc5 5.c3 d6 6.h3 O-O 7.Bb3 Bb6
8.Bg5 h6 9.Bh4 Be6 10.Nbd2 Ne7 11.Bxf6 gxf6 12.Bxe6 fxe6 13.Nh4
Kh7 14.Nc4 f5 15.Nxb6 axb6 16.Qe2 f4 17.a3 c5 18.O-O Rg8 19.Kh2
Nc6 20.Nf3 Qf6 21.Rg1 Rg7 22.Rae1 Re8 23.d4 cxd4 24.cxd4 exd4
25.e5 dxe5 26.Nxe5 Nxe5 27.Qxe5 Qxe5 28.Rxe5 Rd7 29.Rd1 Kg6 30.g3
fxg3+ 31.Kxg3 Kf6 32.Kf4 d3 33.Rb5 Rd6 34.Ke4 Red8 35.f4 d2 36.Rb3
R8d7 37.Ke3 Kf5 38.Rb5+ Kf6 39.Rb3 Rd5 40.Ke2 R7d6 41.Rg3 Kf5
42.Rg7 Rd7 43.Rg4 Rd4 44.Rg3 Re4+ 45.Kf2 Rxf4+ 46.Ke2 Re4+ 47.Kf2
e5 48.Rb3 Rd6 49.Rc3 Red4 50.Ke2 Rg6 51.Rf1+ Ke4 52.Re3+ Kd5
53.Kd1 Rc6 54.Rc3 Rxc3 55.bxc3 Rf4 56.Rg1 Rf2 57.Rg6 e4 58.Rg3
h5 59.Kc2 Ke5 60.Rg5+ Kf4 0-1

[Event "Challengers' Cup"]
[Site "Seattle, WA"]
[Date "2015.11.07"]
[Round "2"]
[White "Kou Jeffrey  (WA)"]
[Black "Rajesh Anirudh  (WA)"]
[Result "0-1"]
[WhiteElo "1355"]
[BlackElo "935"]
[Annotator ""]
[Source ""]
[Remark "Reserve"]

1.d4 d5 2.c4 c6 3.Nc3 Nf6 4.Nf3 Bg4 5.cxd5 cxd5 6.Qb3 b6 7.e4
dxe4 8.Ne5 Be6 9.Bb5+ Nbd7 10.d5 Bf5 11.d6 Be6 12.Nxd7 Nxd7 13.dxe7
Bxe7 14.Qc2 O-O 15.Qxe4 Bf6 16.O-O a6 17.Bd3 g6 18.Bf4 Nc5 19.Qe3
Qxd3 20.Qe1 Qf5 21.Bh6 Rfe8 22.Qd2 Qh5 23.Rfe1 g5 24.b4 Nd7 25.Rac1
Qxh6 26.Rxe6 Rxe6 27.Qxd7 Bxc3 28.Qb7 Rae8 29.h3 Bxb4 30.Qxa6
Bd6 31.Qf1 g4 32.Rb1 gxh3 33.gxh3 Qg5+ 34.Kh1 Qd5+ 35.f3 Qd2
36.Qg2+ Qxg2+ 37.Kxg2 Re2+ 38.Kf1 Bc5 39.Rb2 Rxb2 40.f4 Rf2+
41.Kg1 Re1# 0-1

[Event "Challengers' Cup"]
[Site "Seattle, WA"]
[Date "2015.11.07"]
[Round "1"]
[White "Petrov Oscar  (WA)"]
[Black "Pupols Viktors  (WA)"]
[Result "0-1"]
[WhiteElo "1762"]
[BlackElo "2213"]
[Annotator ""]
[Source ""]
[Remark "Open"]

1.e4 d6 2.d4 Nf6 3.Nc3 Nbd7 4.f4 e5 5.Nf3 exd4 6.Nxd4 Nc5 7.Bd3
Be7 8.h3 O-O 9.O-O c6 10.Qf3 Nxd3 11.cxd3 Qb6 12.Qf2 a6 13.Be3
Qc7 14.Nf3 b5 15.Rac1 b4 16.Na4 c5 17.b3 Bd7 18.Nb2 Rfc8 19.f5
Bc6 20.Nd2 Nd7 21.Qg3 Bf6 22.Nbc4 Ne5 23.Bf4 Re8 24.Nxe5 dxe5
25.Bh6 Kh8 26.Be3 Bb5 27.Bxc5 Qd8 28.Nc4 Be7 29.Bb6 Qb8 30.Be3
f6 31.Rfd1 a5 32.Qf2 Bf8 33.Nb6 Ra6 34.Nd5 Rc6 35.g4 Rxc1 36.Bxc1
Rc8 37.Be3 Qb7 38.d4 exd4 39.Bxd4 Qc6 40.Rd2 Qc1+ 41.Kg2 Qb1
42.Qf4 Bd3 43.Nxf6 gxf6 44.Bxf6+ Kg8 45.Qg5+ Kf7 46.e5 Ke8 47.Qg8
{?} Qf1+ 48.Kg3 Bxf5 49.e6 Qe1+ 50.Kf4 Qxd2+ 51.Kxf5 Rc5+ 52.Be5
Qc2+ 53.Kf4 {'time' ( White's flag may have fallen, but Black had a mate in six, anyway.)}
 0-1

[Event "Challengers' Cup"]
[Site "Seattle, WA"]
[Date "2015.11.07"]
[Round "1"]
[White "Bonrud Neal  (WA)"]
[Black "Kou Jeffrey  (WA)"]
[Result "1-0"]
[WhiteElo "1747"]
[BlackElo "1355"]
[Annotator ""]
[Source ""]
[Remark "Reserve"]

1.e4 e5 2.f4 Bc5 3.Nf3 Nc6 4.Bc4 d6 5.Nc3 Bg4 6.d3 Nd4 7.h3 Bxf3
8.gxf3 Qh4+ 9.Kf1 Nb3 10.Qe2 Nxa1 11.Na4 O-O-O 12.Nxc5 dxc5 13.fxe5
Re8 14.b3 Rxe5 15.Bb2 Rg5 16.Bxa1 Qh5 17.Bb2 Rg3 18.f4 Rf3+ 19.Ke1
Qh4+ 20.Kd1 Rg3 21.Bxf7 Qxf4 22.Be6+ Kb8 23.Rf1 Qd6 24.Be5 Qe7
25.Bxg3 Nf6 26.Bg4 Rd8 27.Kc1 c4 28.Kb2 Qc5 29.Be1 b5 30.dxc4
b4 31.Bf2 Qe5+ 32.Kb1 Nxe4 33.Be1 Qd4 34.Qd3 Qxd3 35.cxd3 Rxd3
36.Bxb4 c5 37.Ba5 Nf6 38.Kc2 Rg3 39.Be6 Re3 40.Re1 Rf3 41.Bc3
Kc7 42.Be5+ Kc6 43.Bxf6 Rxf6 44.Bd5+ Kd6 45.Kd3 Rg6 46.Rf1 Rg3+
47.Rf3 Rg2 48.Rf6+ gxf6 49.Bxg2 Ke5 50.Ke3 a5 51.a3 f5 52.h4
f4+ 53.Kd3 Kf5 54.Bh3+ Ke5 55.Bg4 h6 56.h5 Kf6 57.Ke4 Kg5 58.Bf3
Kf6 59.Kd5 Kg5 60.Kxc5 Kh4 61.Kd4 Kg5 62.c5 Kf6 63.b4 1-0

[Event "Challengers' Cup"]
[Site "Seattle, WA"]
[Date "2015.11.07"]
[Round "1"]
[White "Boyd Thomas  (CA)"]
[Black "Zhang Kyle  (WA)"]
[Result "1-0"]
[WhiteElo "1614"]
[BlackElo "1149"]
[Annotator ""]
[Source ""]
[Remark "Reserve"]

1.d4 d5 2.Nc3 Nf6 3.e4 dxe4 4.f3 exf3 5.Nxf3 Bg4 6.Bc4 e6 7.O-O
Nc6 8.d5 exd5 9.Nxd5 Bc5+ 10.Be3 Bxe3+ 11.Nxe3 Bh5 12.Bb5 O-O
13.Bxc6 bxc6 14.Qxd8 Raxd8 15.Ne5 Rd2 16.g4 Bg6 17.Nxg6 fxg6
18.Rad1 Rfd8 19.Rxd2 Rxd2 20.Rf2 Rxf2 21.Kxf2 Kf7 22.Kf3 Ke6
23.h3 g5 24.a3 g6 25.c4 c5 26.b4 cxb4 27.axb4 c6 28.Nc2 Ke5 29.Ke3
Ne4 30.Nd4 Nd6 31.Nxc6+ Ke6 32.Kd4 Nc8 33.c5 Kd7 34.Kd5 Kc7 35.b5
Kd7 36.Ke5 a5 37.Nxa5 Ke7 38.Nc6+ Kf7 39.b6 h5 40.b7 Ne7 41.Nxe7 1-0

[Event "Challengers' Cup"]
[Site "Seattle, WA"]
[Date "2015.11.07"]
[Round "2"]
[White "Zhang Kyle  (WA)"]
[Black "Haining Breck  (WA)"]
[Result "1-0"]
[WhiteElo "1149"]
[BlackElo "1345"]
[Annotator ""]
[Source ""]
[Remark "Reserve"]

1.e4 g6 2.d4 Bg7 3.Nf3 d6 4.Nc3 Nf6 5.Bc4 O-O 6.h3 Nbd7 7.O-O
c5 8.dxc5 Nxc5 9.Re1 Nfd7 10.a3 Ne5 11.Ba2 Be6 12.Bf4 Bxa2 13.Rxa2
Nxf3+ 14.Qxf3 Ne6 15.Bg3 Qd7 16.Raa1 Nd4 17.Qd3 a6 18.Rad1 Nc6
19.e5 Rad8 20.exd6 Bxc3 21.Qxc3 e6 22.Bh4 Rc8 23.Bg5 f5 24.Qb3
Rfe8 25.Bh6 Nd8 26.Bf4 Nf7 27.c3 Rc6 28.Rd2 Nxd6 29.Red1 Qf7
30.Rxd6 Rxd6 31.Rxd6 Kg7 32.Rb6 Re7 33.c4 e5 34.Qc3 Qe8 35.Bg5
Rf7 36.f4 h6 37.Bh4 Kh7 38.Qxe5 Qxe5 39.fxe5 g5 40.e6 Re7 41.Bf2
Kg6 42.Bc5 Re8 43.e7+ Kf7 44.Rxb7 Rc8 45.Bb4 Rxc4 46.Kh2 Re4
47.Rb6 f4 48.Rxh6 Kg7 49.Rxa6 Re2 50.Ra8 Kf7 51.e8Q+ Rxe8 52.Rxe8
Kxe8 53.a4 1-0

[Event "Challengers' Cup"]
[Site "Seattle, WA"]
[Date "2015.11.07"]
[Round "2"]
[White "Mathews Daniel  (WA)"]
[Black "Xuan Owen  (WA)"]
[Result "1-0"]
[WhiteElo "1724"]
[BlackElo "1479"]
[Annotator ""]
[Source ""]
[Remark "Reserve"]

1.d4 d5 2.g3 Nf6 3.Bg2 Bf5 4.Nf3 e6 5.O-O Bd6 6.Nc3 Nc6 7.Re1
O-O 8.Bg5 Re8 9.e4 dxe4 10.Nxe4 Be7 11.Nxf6+ Bxf6 12.Bxf6 Qxf6
13.c3 Rad8 14.Nh4 Bg6 15.Bxc6 bxc6 16.Qf3 Qxf3 17.Nxf3 Rd7 18.Re5
Rd5 19.Rae1 Bd3 20.b3 Ba6 21.c4 Rxe5 22.Rxe5 Ra8 23.Rc5 Bb7 24.Ne5
Kf8 25.Nxc6 Bxc6 26.Rxc6 Rc8 27.Kf1 Ke7 28.Ke2 Kd7 29.Rc5 h6
30.Ke3 Rb8 31.f4 Rb6 32.Ra5 a6 33.Kd3 Kc8 34.b4 Kb7 35.a4 Kb8
36.c5 Rb7 37.Rxa6 f5 38.h4 g6 39.Kc4 Kc8 40.Ra8+ 1-0